000 01024nam a2200265Ia 4500
003 OSt
005 20220930072829.0
006 a|||||r|||| 00| 0
007 ta
008 220926b |||||||| |||| 00| 0 eng d
024 _a25586
037 _cTheses
040 _aCRL
_cCRL
_beng
041 _2eng
_aeng
100 _aTripathy Malay Ranjan
_9530524
110 _aUniversity of Delhi. Faculty of Inter-disciplinary and Applied Sciences. Department of Electronic Science
_9522757
245 0 _aPreparation and microwave studies of bscco superconductors and their application to some device fabrication.
260 _c1999
650 _aELECTRICAL ENGINEERING
700 _a Bansal S.K. Supervisor
_9530525
700 _a Srivastava G.P. Supervisor
_9530526
700 _aUniversity of Delhi. Faculty of Inter-disciplinary and Applied Sciences. Department of Electronic Science
_9522758
942 _cDIS
_2CC
999 _c864368
_d864368